00572 2200241 4500001002100000005001700021008004100038020001800079035002400097082001000121090001700131100001300148245003000161250001000191260003100201300002500232650001500257850001200272980001300284985000600297986001200303999001500315YOGYA-0209000001936120090227022954.0 ind  a979-526-094-4 0010-020900000019361 a621.8 a621.8bDar T aDARYANTO aTeknik otomotifcDaryanto aCet.4 aJakartabBumi Aksarac1995 a136 hlmbilusc21 cm aPermesinan aYOPDYOG a16-03-06 a1 aPKL-ATM a97P0093292